000 00440nam a22001817a 4500
005 20260127153221.0
008 260127b |||||||| |||| 00| 0 eng d
020 _a9788126705320
_c1495.00
040 _aMAIN
041 _aHindi
082 _a401.9
_bSHA
100 _aRamvilas, Sharma
_926040
245 _aBhasha aur Samaj
260 _aNew Delhi
_bRaj Kamal
_c2023
300 _a423
650 _aHindu Studies
_925783
942 _cBK
999 _c60089
_d60089